| 000 | 00839nam a2200217 a 4500 | ||
|---|---|---|---|
| 001 | 000028462 | ||
| 005 | 20210629083419.0 | ||
| 008 | 110408s1989 dr 000 0 spa d | ||
| 040 |
_aDO-SdBNP _bspa _cBNPHU |
||
| 082 |
_axxxx _bP191 |
||
| 100 | 1 |
_aAlmeyda Rancier, Franklin _937117 |
|
| 245 | 1 | 0 | _aPanegirico a Francisco Bono. |
| 260 |
_aSanto Domingo : _bUniversitaria, _c1989. |
||
| 300 |
_a15 p. ; _c21 cm. |
||
| 490 | 1 |
_aPublicación de la Universidad Autónoma de Santo Domingo _v622 |
|
| 490 | 1 |
_aDiscursos _v14 |
|
| 500 | _aPanegirico pronunciado por Franklin Almeyda Rancier, rector de la Universidad Autónoma de Santo Domingo con motivo del traslado de sus restos al Panteón Nacional | ||
| 830 |
_aPubliacaciones de la Universidad Autónoma de Santo Domingo _v622 _956533 |
||
| 830 | 0 |
_aDiscursos _v14 _912120 |
|
| 049 | _aBNPD | ||
| 999 |
_c27954 _d27954 |
||